000
00238 a2200097 4500
001
35950
100
_a
Wertz H
245
_a
Automatic Correction & Improvement of Programs
260
_a
New York
_b
Ellis Horwood
_c
090
_c
23500
_d
23500
942
_a
NUST-CAE
_c
M
_c
15004
999
_c
271023
_d
271023